000 00492nam a22001577a 4500
005 20260325193346.0
008 260325b |||||||| |||| 00| 0 eng d
020 _a9780131441507
050 _aHF5548.8
_b.K522
245 _aThe Organizational Behavior Reader
_cedited by Joyce S. Osland et al.
250 _a8th ed.
260 _aUpper Saddle River, New Jersey
_bPearson/ Prentice Hall
_c2007
300 _ax. 723p.
_bill.
_c23.5cm
700 _aOsland, Joyce S.
942 _2lcc
_cBK
_e8th ed.
_n0
999 _c9170
_d9170